| 000 | 00590nam a22001697a 4500 | ||
|---|---|---|---|
| 082 | _a621.3 | ||
| 100 | _aSaeed, Ahmad ; Alam, Ahmed ; Javaid, Omar | ||
| 245 |
_aElectronics Painkiller / _cAhmad Saeed ; Ahmed Alam ; Omar Javaid |
||
| 260 |
_aIslamabad : _bSEECS - NUST, _c2018. |
||
| 300 |
_a52 p. ; _c30cm. |
||
| 563 | _aa | ||
| 650 |
_aElectrical(Electronics) Engineering-Project Report _993384 |
||
| 700 |
_aDr. Awais M. Kamboh _930801 |
||
| 856 | _uhttp://10.250.8.41:8080/xmlui/handle/123456789/20265 | ||
| 942 |
_2ddc _cTHE |
||
| 999 |
_c536217 _d536217 |
||